000 00960nam a2200265 4500
001 2126
003 BD-RjUL
005 20211208233504.0
008 150509s1981 bg a 000 0 ben
020 _c: Tk. 37.00
035 _a(BD-RjUL)2153
040 _aBD-RjUL
_cBD-RjUL
_dBD-RjUL
_bben
041 _aben
082 _a954.9204
_bUMJ 1981
100 _aউমর, বদরুদ্দীন
_9116667
245 1 0 _aযুদ্ধপূর্ব বাঙলাদেশ /
_cবদরুদ্দীন উমর
250 _a২য়.সং.
260 _aঢাকা :
_bমুক্তধারা,
_c১৯৮১
300 _a৩৩৯ পৃ. ;
_c২১ সেমি.
650 _aবাংলাদেশ -যুদ্ধপূর্ব
_9116668
650 _aBangladesh --Pre-war
_9116669
856 4 2 _3Publisher description
_uhttp://www.loc.gov/catdir/enhancements/fy0650/00027142-d.html
942 _2ddc
_cBK
_02
999 _c2126
_d2126